MDQL
is popping MORE tags! Check the
thread
!
Quizzes
Events
Quiz Creation
Community
Videos
Private Events
Remove Ads
Sign In
Join for FREE
Feedback
Dark Mode
Quiz Categories
Sports
Geography
Music
Movies
Television
Just For Fun
Miscellaneous
History
Literature
Language
Science
Gaming
Entertainment
Religion
Holiday
For Kids
Quiz Lab
Recent
Popular Today
Quiz Kudos Today
Editor Picks
Curator Picks
Quizzes by...
Day
Popularity
Type
Ratings
Length
Year
Community
Subscriptions
Recent Discussions
Orange Saloon
Badges
Playlists
Quests
Create
Leaderboards
Showdown
Live 5
Trivia Bingo
Activity
Puzzle Library
Sporcle Events
Private Events
Virtual Trivia
Globe League
Become a Host
Pub Owners
SporcleCon
Opinionation
Our Games
Videos
Blog
Mobile Apps
Partnerships
Remove Ads and Go Orange
Feedback
Science
Computer
Plants
Astronomy
Chemistry
Elements
Math
Animal
Physics
Anatomy
Biology
Geology
General Science
Science
Computer
Plants
Astronomy
Chemistry
Elements
Math
Animal
Physics
Anatomy
Biology
Geology
General Science
Random Quiz
Search Sporcle
×
Quiz Lab
Quiz Lab
Science
Math
Type in answers that appear in a list
Type in answers that appear in a list
Classic
Best Score? Go Orange.
One Minute Math Stats
Can you solve the multiplication problems in 1 minutes??
By
taylorswift12
60s
50 Questions
513 Plays
513 Plays
513 Plays
Comments
Comments
Give Quiz Kudos
Give Quiz Kudos
-
- Ratings
hide this ad
Forced Order
Answers have to be entered in order
Answers have to be entered in order
Random Order
Randomize order of answers
Randomize order of answers
Replay
Link that replays current quiz
Next Quiz
Link to next quiz in quiz playlist
You Got
0%
They Got
Avg Score
76%
Avg Friend Score
Upgrade to see
Score Distribution
Jump to the score distribution portion of the page
Score
0/50
Timer
01:00
0
Plays Today
Equation
Answer
% Correct
1x5
5
87.8%
8x2
16
86.3%
4x7
28
84.7%
8x7
56
84.5%
9x10
90
84.5%
8x8
64
84.3%
9x2
18
84.1%
9x3
27
83.9%
1876x1
1876
83.3%
6x6
36
83.1%
5x5
25
83.1%
7x2
14
82.9%
4x4
16
82.9%
2x11
22
82.9%
1x7
7
82.7%
6x7
42
82.4%
6x3
18
82.2%
10x10
100
82.2%
3x4
12
81.8%
5x9
45
81.8%
3x16
48
81.2%
4x8
32
80.6%
1x4
4
80.6%
11x7
77
79.8%
12x8
96
79.4%
Equation
Answer
% Correct
12x12
144
79.2%
8x5
40
77.8%
9x6
54
77.6%
13x2
26
77.3%
0x5
0
77.1%
4x9
36
75.5%
1x8
8
75.5%
11x11
121
74.5%
4x5
20
73.1%
6x8
48
72.2%
18x0
0
71.8%
4x25
100
71.6%
3x3
9
71.4%
4x12
48
70.8%
5x9
45
70.8%
2x1
2
70.2%
3x24
72
70%
0x3x2
0
67.5%
15x4
60
66.1%
5x10
50
63.7%
50x2
100
62.7%
1x1
1
62.2%
3x7
21
62.2%
11x8
88
61.8%
23x4
92
59.6%
Quiz Playlist
Details
Report
Send in Message
Add To Playlist
Classic:
Type in answers that appear in a list
Forced Order:
Answers have to be entered in order
Random Order:
Randomize order of answers
Last Updated: Jul 29, 2020
Quiz Scoreboard
CHALLENGE
Sign Up to Join the Scoreboard
Show All
Scores
Hide
Comments
May contain spoilers
Recently Published
5x2 Blitz: Bands
by SL_Kpop136
Music
30s
Colored Red Africa Blitz
by spor1
Geography
30s
Find the 'City' Movie
by crazypaving
Movies
60s
More to Explore
Quiz From the Vault
Featured Blog Post
14 Easter Pick-up Lines to Find Eggs With
hide this ad
You Might Also Like...
Tags
Math Quiz
fast
multiplication
Today's Top Quizzes in Science
Browse Science
hide this ad
Today's Top Quizzes in Math
Browse Math
Top Contributed Quizzes in Science
1
Glycolysis
2
'C' Flowers II
3
Sorting Squares: Animals by Continent
4
Square Numbers Scrambled (1-50)
5
Amino Acid Groups
6
Get the Picture: Gas Welding Flames
7
Medical Terminology Roots
8
ϛoRͲ1nℊ Blitz: Common Stuff
9
Glycolysis - Substrates (fill in the blank)
10
Call A Doctor! Ailments 7-to-1
Explore More
Trending Topics
Kpop
Crossword
Marvel
Harry Potter
Disney
Anime
NBA
The Office
Country
NFL
Puzzle
Pokémon
Soccer
WWE
Song
hide this ad
More By:
taylorswift12
Quiz
Plays
Rating
Category
Featured
Created
Disney Logic Puzzle
208,117
3.83
Just For Fun
Dec 7, 2012
Follow That Line: Toy Story
63,084
4.63
Movies
Mar 18, 2013
Kindergarten Logic Puzzle
62,246
4.39
Just For Fun
Dec 2, 2015
Quick Thinking Disney Logic Puzzle
30,815
4.26
Just For Fun
Jan 6, 2013
Math Class Logic Puzzle
30,473
4.47
Science
Jul 23, 2016
Go to Creator's Profile
Score Distribution
Quiz Creator Spotlight
taylorswift12
Follow
Send a Message
Quizzes Created
-
Created Quiz Play Count
-
More By This Creator
Popular Quizzes Today
1
Find the 'City' Movie
2
5x2 Blitz: Bands
3
Colored Red Africa Blitz
4
The Countries of the World
5
Find the US States - No Outlines Minefield
6
Find the US States
7
9x9 Crossword: Cartoon Network
8
US States
More Science Quizzes
Physics Term Clichés (Picture Click)
Editor's Pick
Trending Quizzes
Colored Red Africa Blitz II
Colored Red Europe Blitz I
Colored Red Africa Blitz III
Colored Red Europe Blitz II
Colored Red Europe Blitz III
Recently Updated
Champions League XIs: Real Madrid
pecheneg
Largest US Cities 1790-2010
pecheneg
Rides in Walt Disney World
pecheneg
Most Oscar Losses (Acting)
pecheneg
Beyoncé Albums
pecheneg
Leaping Animals
pecheneg
Reality TV Shows (A-Z)
bhenderson79
Rickey Henderson's Hall of Fame Teammates
pecheneg
Champions League XIs: Arsenal
pecheneg
Quick Pick: Celebrities in WWE's Hall of Fame
aduchscher
Trending Topics
Kpop
Disney
NBA
Anime
Marvel
Harry Potter
Crossword
NFL
The Office
WWE
Pokémon
Soccer
Puzzle
Country
Song
Your Account Isn't Verified!
In order to create a playlist on Sporcle, you need to verify the email address you used during registration. Go to your
Sporcle Settings
to finish the process.
Report this User
Report this user for behavior that violates our
Community Guidelines
.
Details:
Send Report
Go to the Sporcle.com Mobile Site →
Comments